Artificial Intelligence, Automation and Robotics in Business Centers. A Multiple Case Study from Central and Eastern Europe

Cieľom článku je identifikovať prvky implementácie umelej inteligencie v procesoch obchodných centier v strednej a východnej Európe (SVE). Primárnou výskumnou metódou použitou v tejto štúdii je prístup viacerých prípadových štúdií. Štúdia skúma štyri obchodné centrá nachádzajúce sa v rôznych krajiná...

Descrizione completa

Salvato in:
Dettagli Bibliografici
Autore principale: Váleková, Dagmar, 1997-
Altri autori: Ferenčíková, Soňa, 1960-
Natura: Capitolo di libro
Lingua:inglese
Soggetti:
Tags: Aggiungi Tag
Nessun Tag, puoi essere il primo ad aggiungerne!!

MARC

LEADER 00000naa$a2200000$$$4500
001 0314439
005 20260122140237.1
041 0 |a eng 
044 |a IT 
245 1 0 |a Artificial Intelligence, Automation and Robotics in Business Centers. A Multiple Case Study from Central and Eastern Europe  |c Dagmar Váleková, Soňa Ferenčíková 
520 |a Cieľom článku je identifikovať prvky implementácie umelej inteligencie v procesoch obchodných centier v strednej a východnej Európe (SVE). Primárnou výskumnou metódou použitou v tejto štúdii je prístup viacerých prípadových štúdií. Štúdia skúma štyri obchodné centrá nachádzajúce sa v rôznych krajinách SVE. Vzorka bola vybraná pomocou metódy výberu vzorky, pričom sa berie do úvahy, že nie všetky obchodné centrá sú v súčasnosti schopné alebo ochotné poskytnúť informácie o stave implementácie AI vo svojich procesoch. 
610 2 0 |a inteligencia umelá 
610 2 0 |a automatizácia 
610 2 0 |a robotizácia 
610 2 0 |a centrá obchodné 
610 2 0 |a štúdie prípadové 
610 2 0 |a SVE 
100 1 |a Váleková, Dagmar, 1997- 
700 1 |a Ferenčíková, Soňa, 1960-